North American Pro Sports Teams Without ''S'' - Statistics

General Stats
  • This quiz has been taken 40 times
  • The average score is 5 of 7
Answer Stats
League Answer % Correct
NBA Miami Heat
94%
NBA Utah Jazz
81%
NBA Orlando Magic
75%
NHL Colorado Avalanche
63%
NBA Oklahoma City Thunder
56%
NHL Tampa Bay Lightning
47%
NHL Utah Hockey Club
34%
No matching quizzes found
Score Distribution
Percent of People with Each Score
Percentile by Number Answered
Your Score History
You have not taken this quiz